| 000 | 01049nam a2200241 a 4500 | ||
|---|---|---|---|
| 001 | 000026505 | ||
| 005 | 20200930030246.0 | ||
| 008 | 110322s1983 mx r 000 0 spa d | ||
| 020 | _a8427606311 | ||
| 040 |
_aDO-SdBNP _bspa _cBNPHU |
||
| 082 |
_axxx _bM723d |
||
| 100 | 1 |
_aMolinos, Miguel de, _d1628-1696. _953579 |
|
| 245 | 1 | 0 |
_aDefensa de la contemplación / _cMiguel de Molinos ; edición preparada por Francisco Trinidad Solano. |
| 260 |
_aMadrid : _bNacional, _c1983. |
||
| 300 |
_a362, [6] p. : _bil. ; _c21 cm. |
||
| 490 | 1 |
_aBiblioteca de visionarios heterodoxos y marginados _v23 |
|
| 504 | _aIncluye bibliografía (p. [81]-88) | ||
| 504 | _aIncluye referencias bibliográficas y notas al pie de las páginas | ||
| 505 | 0 | _aMiguel de Molinos: La experiencia de la nada -- Densa de la contemplación -- Apéndices las 263 proposiciones iniciales -- Apéndices las 68 proposiciones condenadas. | |
| 700 | 1 |
_aTrinidad, Francisco, _eed. _953580 |
|
| 830 | 0 |
_aBiblioteca de visionarios heterodoxos y marginados ; _v23 _98623 |
|
| 049 | _aBNGR | ||
| 999 |
_c25997 _d25997 |
||